XI Campamento General de Cataluña organizado por Agrupació Excursionista 'Catalunya' en el 50 aniversario de su fundación, 10 y 11 de junio 1962
Descripción Física:
[12] p. : amb map. ; 22 cm
Materias:
Acampades -- Catalunya
MARC
| LEADER | 00000nam a2200000Ia 4500 | ||
|---|---|---|---|
| 001 | 12123 | ||
| 003 | BGR | ||
| 005 | 20260324175314.0 | ||
| 008 | 160829s9999 xx 000 0 cat d | ||
| 080 | |a FU-14-1 | ||
| 100 | |a Campamento General de Cataluña (11è : 1962 : Fontmartina (Montseny)) |9 25774 | ||
| 245 | |a XI Campamento General de Cataluña organizado por Agrupació Excursionista 'Catalunya' en el 50 aniversario de su fundación, 10 y 11 de junio 1962 | ||
| 260 | |a [s.l.: |b s.n., s.a.] | ||
| 300 | |a [12] p. : |b amb map. ; |c 22 cm | ||
| 590 | |a Abans del títol: Federación Catalana de Montañismo | ||
| 650 | |a Acampades |x Catalunya |9 25775 | ||
| 710 | 2 | |a Federació d’Entitats Excursionistes de Catalunya |9 52821 | |
| 710 | 2 | |a Agrupació Excursionista Catalunya |9 70116 | |
| 901 | |a Arxiu | ||
| 942 | |n 1 |2 udc |c MON | ||
| 952 | |0 0 |1 0 |4 0 |6 FU141 |7 1 |9 43793 |a Arxiu |b Arxiu |d 2016-12-01 |l 0 |o FU-14-1 |p 12123 |r 2016-12-01 00:00:00 |w 2016-12-01 |y ARXIU | ||
| 999 | |c 46341 |d 46341 | ||